Typizace ve výstavbě: Zpravodaj 1987

Na minha lista:
Detalhes bibliográficos
Formato: Livro
Idioma:tcheco
Publicado em: Praha: ČSVA, 1987
Colecção:Československý katalog pro výstavbu
Tags: Adicionar Tag
Sem tags, seja o primeiro a adicionar uma tag!

MARC

LEADER 00000nam a22000003a 4500
001 0024701
003 SK-STU
005 20170622101806.0
007 ta
008 170622s ----xo-----e------000-0-----d
040 |a STU  |b slo 
041 0 |a cze  |h cze 
044 |a xr 
245 1 0 |a Typizace ve výstavbě:  |b Zpravodaj 1987 
260 |a Praha:  |b ČSVA,  |c 1987 
300 |a 32 s. 
490 0 |a Československý katalog pro výstavbu 
996 |b 284V040564  |c V* 9396/K-2476  |l VVT  |s A  |a 24  |w 0024701_0001